Mansions of the soul the cosmic conception (Record no. 50338)
[ view plain ]
| 000 -LEADER | |
|---|---|
| fixed length control field | 00494 a2200205 4500 |
| 041 ## - LANGUAGE CODE | |
| Language code of text/sound track or separate title | Eng |
| 082 ## - DEWEY DECIMAL CLASSIFICATION NUMBER | |
| Classification number | 129.4 |
| Item number | L586m |
| 100 ## - MAIN ENTRY--PERSONAL NAME | |
| Personal name | Lewis, H. Spencer |
| 9 (RLIN) | 8893 |
| 245 ## - TITLE STATEMENT | |
| Title | Mansions of the soul the cosmic conception |
| 250 ## - EDITION STATEMENT | |
| Edition statement | 19th ed. |
| 260 ## - PUBLICATION, DISTRIBUTION, ETC. | |
| Place of publication, distribution, etc. | California |
| Name of publisher, distributor, etc. | Supreme Grand Lodge of Amorce |
| Date of publication, distribution, etc. | 1981 |
| 300 ## - PHYSICAL DESCRIPTION | |
| Extent | 338p. |
| 650 ## - SUBJECT ADDED ENTRY--TOPICAL TERM | |
| Topical term or geographic name entry element | Heredity |
| 9 (RLIN) | 8894 |
| 650 ## - SUBJECT ADDED ENTRY--TOPICAL TERM | |
| Topical term or geographic name entry element | Personality |
| 9 (RLIN) | 529 |
| 650 ## - SUBJECT ADDED ENTRY--TOPICAL TERM | |
| Topical term or geographic name entry element | Death |
| 9 (RLIN) | 523 |
| 653 ## - INDEX TERM--UNCONTROLLED | |
| Uncontrolled term | Soul |
| 942 ## - ADDED ENTRY ELEMENTS (KOHA) | |
| Source of classification or shelving scheme | Dewey Decimal Classification |
| Koha item type | General Collections |
| 518 ## - DATE/TIME AND PLACE OF AN EVENT NOTE | |
| -- | 2011-1-7 |
| 530 ## - ADDITIONAL PHYSICAL FORM AVAILABLE NOTE | |
| -- | M |
| Withdrawn status | Lost status | Source of classification or shelving scheme | Damaged status | Not for loan | Home library | Current library | Date acquired | Total Checkouts | Total Renewals | Full call number | Barcode | Date last seen | Date last checked out | Copy number | Price effective from | Koha item type |
|---|---|---|---|---|---|---|---|---|---|---|---|---|---|---|---|---|
| Dewey Decimal Classification | Tribhuvan University Central Library | Tribhuvan University Central Library | 01/07/2011 | 2 | 1 | 129.4 L586m | G27908 | 08/20/2025 | 08/13/2025 | 1 | 01/07/2011 | General Collections |
